000 00444nam a2200181Ia 4500
001 18719
005 20260306171651.0
008 260306s9999||||xx |||||||||||||| ||und||
041 _aESP
082 _a658.5
_bC75
100 _aCollier, David A.
_eAUT
245 0 _aAdministración de operaciones:
_bbienes, servicios y cadenas de valor
260 _c2009
300 _a
_c
650 _aGEN
654 _aCAN
942 _cLIB
_dJUS
_fJUS
_2ddc
_n
999 _c18719
_d18719